Wasons Textbook Of Business Studies-12/ (Record no. 207775)

MARC details
000 -LEADER
fixed length control field 00552nam a22001937a 4500
005 - DATE AND TIME OF LATEST TRANSACTION
control field 20241218111923.0
010 ## - LCCN (DPL NO)
LC control number ENG-143063
020 ## - INTERNATIONAL STANDARD BOOK NUMBER
International Standard Book Number 9789355016539
Terms of availability 730.00
035 ## - SYSTEM CONTROL NUMBER
System control number EN-126595
037 ## - SOURCE OF ACQUISITION
Source of stock number/acquisition DBAD
082 ## - DEWEY DECIMAL CLASSIFICATION NUMBER
Classification number 650
100 ## - MAIN ENTRY--PERSONAL NAME
Personal name Wason, V.
245 ## - TITLE STATEMENT
Title Wasons Textbook Of Business Studies-12/
Statement of responsibility, etc By V. Wason
250 ## - EDITION STATEMENT
Edition statement Revised
260 ## - PUBLICATION, DISTRIBUTION, ETC. (IMPRINT)
Name of publisher, distributor, etc S. Chand School Books
Place of publication, distribution, etc Uttar Pradesh
Date of publication, distribution, etc 2023
270 ## - ADDRESS
Address D-92, Sector-2, Noida
City Uttar Pradesh
Postal code 201301
300 ## - PHYSICAL DESCRIPTION
Extent vpp.
Dimensions 23cm(pb)
942 ## - ADDED ENTRY ELEMENTS (KOHA)
Source of classification or shelving scheme Dewey Decimal Classification
Item type English Books
Classification part 656
Call number suffix WAS
Holdings
Withdrawn status Lost status Not for loan Collection code Home library Current library Date acquired Source of acquisition Cost, normal purchase price Full call number Barcode Copy number Cost, replacement price Koha item type
      Non-fiction Central Library Central Library 18/12/2024 Delivery of Books Division 730.00 656 WAS EN-126595 1 730.00 English Books

© Delhi Public Library
Hit Counter
free hit counter